| 000 | 00943nam a22002297a 4500 | ||
|---|---|---|---|
| 999 |
_c6781 _d6781 |
||
| 003 | AR-CdUCM | ||
| 008 | 190319b ||||| |||| 00| 0 spa d | ||
| 040 |
_aMUNICIPALIDAD PROVINCIAL DEL CUSCO _cBIBLIOTECA MUNICIPAL DEL CUSCO |
||
| 082 |
_a869.96 / _bT72 |
||
| 100 |
_aTorre Casas, Augusto de la _919086 |
||
| 245 | _aEn la viña del señor / | ||
| 260 |
_aLa Habana : _bEdiciones Casa de las Américas, _c1984. |
||
| 300 |
_a89 páginas ; _c19 cm. |
||
| 500 | _aDonado por la familia Nieto. Premio Casa de las Américas, 1984. Segundo ejemplar contiene dedicatoria. | ||
| 505 | _aConjunto de narraciones que ocurren durante el ocaso de la tiranía batistiana, y se desarrollan después de un amanecer de enero. | ||
| 650 |
_aNarrativa cubana - Siglo XX _919087 |
||
| 650 |
_aAutores cubanos _919088 |
||
| 650 |
_aCuentos cubanos _911532 |
||
| 650 |
_aLucha revolucionaria - Cuentos _919089 |
||
| 942 |
_2ddc _cLIBROS |
||
| 945 | _alccs | ||